Política hispanoamericana (Record no. 25720)

MARC details
000 -LEADER
campo de control de longitud fija 00686nam a2200205 i 4500
001 - NÚMERO DE CONTROL
campo de control 25720
003 - IDENTIFICADOR DE NÚMERO DE CONTROL
campo de control ES-MaACL
005 - FECHA Y HORA DE LA ÚLTIMA TRANSACCIÓN
campo de control 20260203063028.0
007 - CAMPO FIJO DE DESCRIPCIÓN FÍSICA--INFORMACIÓN GENERAL
campo de control de longitud fija t|
008 - DATOS DE LONGITUD FIJA--INFORMACIÓN GENERAL
campo de control de longitud fija 030102q1915 sp ||||1| spa d
100 1# - ENTRADA PRINCIPAL--NOMBRE DE PERSONA
Nombre de persona Arderius, Francisco,
Fechas asociadas al nombre 1870-1921
9 (RLIN) 160067
245 10 - MENCIÓN DEL TÍTULO
Título Política hispanoamericana
Resto del título : problemas de la emigración : España en América /
Mención de responsabilidad, etc. Francisco Arderius.
260 ## - PUBLICACIÓN, DISTRIBUCIÓN, ETC.
Lugar de publicación, distribución, etc. Madrid :
Nombre del editor, distribuidor, etc. [s.n.,
Fecha de publicación, distribución, etc. 1915?] (
Fabricante Imp. Suc. Rivadeneyra)
300 ## - DESCRIPCIÓN FÍSICA
Extensión 222 p. ;
Dimensiones 18 x 12 cm.
490 1# - MENCIÓN DE SERIE
Mención de serie Colección Mercurio
650 04 - PUNTO DE ACCESO ADICIONAL DE MATERIA--TÉRMINO DE MATERIA
Término de materia o nombre geográfico como elemento de entrada Españoles-
Subdivisión geográfica América Latina.
9 (RLIN) 163615
830 0# - PUNTO DE ACCESO ADICIONAL DE SERIE-TÍTULO UNIFORME
Título uniforme Colección Mercurio
9 (RLIN) 186800
852 ## - LOCALIZACIÓN
Ubicación ES-MaACL
Número de control de estantería G-1320
Holdings
Estatus retirado Estado de pérdida Estado de daño No para préstamo Biblioteca de origen Biblioteca actual Ubicación en estantería Fecha de adquisición Fuente de adquisición Total de préstamos Signatura topográfica completa Código de barras Visto por última vez Precio de reemplazo Tipo de ítem Koha
        Biblioteca del Ateneo de Madrid Biblioteca del Ateneo de Madrid Depósito 2 17/01/2008     G-1320 1026527 23/02/2023 23/02/2023 Libro impreso